000 00344nam a2200145Ia 4500
008 231217s9999 xx 000 0 und d
041 _aEnglish
082 _a158.1 CHI;1 R
100 _aChirban, John T
245 0 _aTrue coming of age
260 _c2004
_bTMH
_aNew Delhi
300 _axx+269
650 _aTrue,coming,age
942 _cAA
999 _c175143
_d175143